US States Without Individual Income Tax - Statistics

General Stats
  • This quiz has been taken 30 times
  • The average score is 5 of 8
Answer Stats
State at 0% Rate % Correct
Florida
76%
Texas
76%
Alaska
71%
South Dakota
67%
Tennessee
48%
Washington
48%
Nevada
43%
Wyoming
43%
No matching quizzes found
Score Distribution
Percent of People with Each Score
Percentile by Number Answered
Your Score History
You have not taken this quiz